| 000 | 00689 a2200217 4500 | ||
|---|---|---|---|
| 020 | _a9788131722824 | ||
| 040 |
_aDLC _bDLC |
||
| 082 | 0 | 0 | _a005.133 |
| 100 | 1 | _aLafore, Robert | |
| 245 | 1 | 0 |
_aObject-oriented programming in C++ _cRobert Lafore. |
| 250 | _a4th ed. | ||
| 260 |
_aIndianapolis, Ind. : _bSams Publishing, _cc2002. |
||
| 300 |
_axix, 1012 p. : _bill. ; _c24 cm. |
||
| 500 | _aRev. ed. of: Waite Group's object-oriented programming in C++, c1999. | ||
| 500 | _aIncludes index. | ||
| 650 | 0 | _aObject-oriented programming (Computer science) | |
| 650 | 0 | _aC++ (Computer program language) | |
| 700 | 1 | _aLafore, Robert | |
| 710 | 2 | _aWaite Group. | |
| 942 |
_cBK _k005.133 LAF _2ddc |
||
| 999 |
_c4313 _d4313 |
||